[Event "4NCL 2012-13"]
[Site "Staverton ENG"]
[Date "2013.02.23"]
[Round "5.167"]
[White "Gayson, Peter M"]
[Black "Sahl, Sheila Barth"]
[Result "1/2-1/2"]
[BlackTitle "WIM"]
[WhiteElo "2215"]
[BlackElo "2243"]
[WhiteTeam "White Rose"]
[BlackTeam "Wood Green, Hilsmark Kingfisher"]
[WhiteFideId "401838"]
[BlackFideId "1500953"]
[EventDate "2012.11.03"]

1. e4 c5 2. Nf3 d6 3. d4 cxd4 4. Nxd4 Nf6 5. Nc3 a6 6. f4 e5 7. Nf3 Nbd7 8. a4
Be7 9. Bd3 O-O 10. O-O exf4 11. Kh1 Nh5 12. Nd4 g6 13. Nd5 Nc5 14. Nxf4 Nxf4 15.
Bxf4 Bg5 16. Qd2 Bxf4 17. Qxf4 Ne6 18. Qe3 Nxd4 19. Qxd4 Be6 20. Rad1 Rc8 21.
Rd2 Qa5 22. Rfd1 Qe5 23. Qb4 Rc7 24. h3 1/2-1/2

[Event "4NCL 2012-13"]
[Site "Staverton ENG"]
[Date "2013.02.23"]
[Round "5.171"]
[White "Cobb, James"]
[Black "Thorfinnsson, Bragi"]
[Result "0-1"]
[WhiteTitle "IM"]
[BlackTitle "IM"]
[WhiteElo "2423"]
[BlackElo "2484"]
[WhiteTeam "South Wales Dragons"]
[BlackTeam "Jutes of Kent"]
[WhiteFideId "1800949"]
[BlackFideId "2300958"]
[EventDate "2012.11.03"]

1. Nf3 Nf6 2. c4 g6 3. g3 Bg7 4. Bg2 O-O 5. O-O d5 6. cxd5 Nxd5 7. d4 Nb6 8. Nc3
Nc6 9. e3 Re8 10. Re1 a5 11. Qe2 Be6 12. b3 a4 13. Nxa4 Nxa4 14. bxa4 Rxa4 15.
Bb2 Qa8 16. a3 Na5 17. Ng5 Bc4 18. Qc2 Nb3 19. Rab1 Qa6 20. Ne4 b5 21. Bc1 Nxc1
22. Nc5 Qa5 23. Rexc1 Rxa3 24. Nb7 Qa7 25. Qe4 Bd3 26. Qc6 Rb8 27. Rb4 Ra1 28.
Qxc7 Rxb7 29. Bxb7 Rxc1+ 30. Qxc1 Qxb7 31. Qc5 Qf3 0-1

[Event "4NCL 2012-13"]
[Site "Staverton ENG"]
[Date "2013.02.23"]
[Round "5.172"]
[White "Ziska, Helgi Dam"]
[Black "Cooper, John G"]
[Result "1/2-1/2"]
[WhiteTitle "IM"]
[BlackTitle "IM"]
[WhiteElo "2474"]
[BlackElo "2343"]
[WhiteTeam "Jutes of Kent"]
[BlackTeam "South Wales Dragons"]
[WhiteFideId "7200595"]
[BlackFideId "1800027"]
[EventDate "2012.11.03"]

1. e4 e6 2. d3 d5 3. Qe2 dxe4 4. dxe4 e5 5. Nf3 Nc6 6. c3 Nf6 7. Qc2 Bd6 8. Nbd2
Bg4 9. h3 Bh5 10. Be2 Bg6 11. Nh4 Nd7 12. Nxg6 hxg6 13. Nf3 a6 14. a4 Qe7 15. a5
Nd8 16. Bg5 f6 17. Be3 Bc5 18. Bd2 Ne6 19. b4 Ba7 20. Rb1 g5 21. Nh2 Nf4 22. Bf1
O-O-O 23. Ng4 f5 24. exf5 e4 25. Be3 Ne5 26. Nxe5 Qxe5 27. Bxa7 Nd3+ 28. Ke2
Nf4+ 29. Ke1 Nd3+ 30. Ke2 Nf4+ 1/2-1/2

[Event "4NCL 2012-13"]
[Site "Staverton ENG"]
[Date "2013.02.23"]
[Round "5.173"]
[White "Dineley, Richard"]
[Black "Savina, Anastasia"]
[Result "1/2-1/2"]
[BlackTitle "IM"]
[WhiteElo "2249"]
[BlackElo "2339"]
[WhiteTeam "South Wales Dragons"]
[BlackTeam "Jutes of Kent"]
[WhiteFideId "1800680"]
[BlackFideId "4196872"]
[EventDate "2012.11.03"]

1. e4 c5 2. Nf3 Nc6 3. d4 cxd4 4. Nxd4 e5 5. Nb5 d6 6. Be3 Nf6 7. Bg5 Be7 8.
Bxf6 gxf6 9. Nd2 a6 10. Nc3 f5 11. Bc4 fxe4 12. Ndxe4 Bf5 13. O-O Bg6 14. Re1
Nd4 15. Nd5 Rc8 16. Bb3 Nxb3 17. axb3 f5 18. Nxe7 Kxe7 19. Nc3 Kf6 20. Qd2 Kg7
21. Rad1 b5 22. Qxd6 Qxd6 23. Rxd6 b4 24. Nd5 Rxc2 25. Rd7+ Kh6 26. Nxb4 Rxb2
27. Nxa6 Rxb3 28. Nc5 1/2-1/2

[Event "4NCL 2012-13"]
[Site "Staverton ENG"]
[Date "2013.02.23"]
[Round "5.174"]
[White "Kirk, Ezra"]
[Black "Redmond, John P."]
[Result "1-0"]
[WhiteElo "2258"]
[BlackElo "2236"]
[WhiteTeam "Jutes of Kent"]
[BlackTeam "South Wales Dragons"]
[WhiteFideId "600067"]
[BlackFideId "2500051"]
[EventDate "2012.11.03"]

1. d4 e6 2. c4 Nf6 3. Nc3 Bb4 4. e3 b6 5. Bd3 Bb7 6. Nf3 Ne4 7. O-O f5 8. Qc2
Bxc3 9. bxc3 O-O 10. Nd2 Qh4 11. f3 Nxd2 12. Bxd2 Nc6 13. Be1 Qh6 14. Bf2 Na5
15. e4 fxe4 16. fxe4 Ba6 17. Qe2 d6 18. Rad1 Qg5 19. c5 Bxd3 20. Rxd3 Rf7 21.
Rf3 Rxf3 22. Qxf3 Rf8 23. Qxf8+ 1-0

[Event "4NCL 2012-13"]
[Site "Staverton ENG"]
[Date "2013.02.23"]
[Round "5.175"]
[White "Jameson, David"]
[Black "Stebbings, Anthony J"]
[Result "1/2-1/2"]
[WhiteElo "2143"]
[BlackElo "2265"]
[WhiteTeam "South Wales Dragons"]
[BlackTeam "Jutes of Kent"]
[WhiteFideId "1801538"]
[BlackFideId "402427"]
[EventDate "2012.11.03"]

1. d4 Nf6 2. c4 e6 3. Nf3 Bb4+ 4. Bd2 Qe7 5. g3 Nc6 6. Nc3 O-O 7. Bg2 Na5 8. b3
b6 9. O-O Bb7 10. Qc2 Rac8 11. Rad1 c5 12. dxc5 Bxc5 13. e4 d6 14. Rfe1 Ng4 15.
Re2 Nc6 16. Bf4 Rfd8 17. h3 Nge5 18. Be3 Nxf3+ 19. Bxf3 Qf6 20. Bg2 e5 21. Nd5
Qe6 22. Qd2 Nd4 23. Ree1 a5 24. Nc3 h6 25. Qd3 Qf6 26. Rf1 Bc6 27. Kh2 Ne6 28.
Ne2 Bxe3 29. fxe3 Qg6 30. Nc3 Nc5 31. Qc2 Rb8 32. Rf2 Qg5 33. Qe2 Rb7 34. Qf3
Re7 35. Rfd2 Re6 36. Rf2 Rf6 37. Qe2 Rxf2 38. Qxf2 g6 39. Rf1 Qe7 40. Qd2 Kg7
41. Qf2 Rf8 42. Qd2 Rd8 43. Qf2 1/2-1/2

[Event "4NCL 2012-13"]
[Site "Staverton ENG"]
[Date "2013.02.23"]
[Round "5.176"]
[White "Harakis, Alexis M"]
[Black "Morris, Charles F"]
[Result "1-0"]
[WhiteElo "2238"]
[BlackElo "2155"]
[WhiteTeam "Jutes of Kent"]
[BlackTeam "South Wales Dragons"]
[WhiteFideId "403954"]
[BlackFideId "1800140"]
[EventDate "2012.11.03"]

1. d4 d5 2. c4 c6 3. Nf3 Nf6 4. g3 Bf5 5. Bg2 e6 6. O-O h6 7. Nc3 Bd6 8. Bf4
Bxf4 9. gxf4 Ne4 10. Ne5 Qh4 11. Nxe4 dxe4 12. c5 b5 13. cxb6 axb6 14. f3 e3 15.
Ng4 h5 16. Nxe3 Qxf4 17. Nc4 b5 18. e3 Qc7 19. Ne5 f6 20. e4 h4 21. exf5 h3 22.
Bh1 fxe5 23. Re1 O-O 24. Rxe5 exf5 25. f4 Nd7 26. Qb3+ Rf7 27. Rxf5 Rf8 28. Rc1
Qd6 29. Bxc6 Qxd4+ 30. Kh1 Nf6 31. Rd1 Qf2 32. Rg1 1-0

[Event "4NCL 2012-13"]
[Site "Staverton ENG"]
[Date "2013.02.23"]
[Round "5.177"]
[White "James, David"]
[Black "Naylor, John"]
[Result "1-0"]
[WhiteTitle "FM"]
[WhiteElo "2147"]
[BlackElo "2153"]
[WhiteTeam "South Wales Dragons"]
[BlackTeam "Jutes of Kent"]
[WhiteFideId "1800272"]
[BlackFideId "403172"]
[EventDate "2012.11.03"]

1. d4 d6 2. g3 g6 3. Nf3 Bg7 4. Bg2 Nf6 5. O-O O-O 6. Re1 c6 7. a4 Bg4 8. h3
Bxf3 9. Bxf3 e5 10. dxe5 dxe5 11. Qxd8 Rxd8 12. Nd2 Na6 13. Ne4 Nd5 14. c3 f5
15. Ng5 e4 16. Bg2 Nc5 17. h4 h6 18. Nh3 Nb3 19. Rb1 Nxc1 20. Rbxc1 Nb6 21. a5
Nc4 22. a6 bxa6 23. b3 Na5 24. b4 Nc4 25. f3 e3 26. Nf4 Be5 27. Nxg6 Bxg3 28.
Red1 Kf7 29. Rxd8 Rxd8 30. h5 Rd2 31. f4 Rxe2 32. Bf1 Rd2 33. Bxc4+ Kf6 34. Ra1
e2 35. Bxe2 Rxe2 36. Rxa6 Rc2 37. Rxc6+ Kg7 38. c4 Rb2 39. b5 Rc2 40. Ne7 Bxf4
41. Nxf5+ Kh7 42. Kf1 Rh2 43. Ra6 Rxh5 44. Rxa7+ Kg6 45. Ne7+ Kg5 46. Nd5 Bd6
47. Rd7 Be5 1-0

[Event "4NCL 2012-13"]
[Site "Staverton ENG"]
[Date "2013.02.23"]
[Round "5.178"]
[White "Rice, Chris B"]
[Black "Owens, Megan R"]
[Result "1-0"]
[WhiteElo "2032"]
[BlackElo "1847"]
[WhiteTeam "Jutes of Kent"]
[BlackTeam "South Wales Dragons"]
[WhiteFideId "404446"]
[BlackFideId "1801996"]
[EventDate "2012.11.03"]

1. c4 Nf6 2. g3 g6 3. Bg2 d5 4. cxd5 Nxd5 5. Nc3 Nb6 6. d3 Bg7 7. Bg5 O-O 8. Qd2
N8d7 9. Bh6 Nf6 10. h4 Bxh6 11. Qxh6 Ng4 12. Qd2 h5 13. Nh3 Nf6 14. Ng5 c6 15.
Nge4 Nbd5 16. Nxd5 Nxd5 17. O-O Rb8 18. b4 Bd7 19. Rfc1 Nf6 20. Nc5 a6 21. a4
Ne8 22. Rc2 Nc7 23. Rac1 f5 24. Qh6 Rf6 25. e4 e5 26. exf5 Bxf5 27. Ne4 Bxe4 28.
Bxe4 Qd6 29. Rc5 Rbf8 30. R1c2 R8f7 31. Re2 Ne6 32. Bxg6 Nxc5 33. Bxf7+ Kxf7 34.
Qxh5+ Kg8 35. bxc5 Qxc5 36. Qg5+ Kf7 37. Qh5+ Kg7 38. Qxe5 Qxe5 39. Rxe5 Rd6 40.
Re7+ Kg6 41. Rxb7 1-0

[Event "4NCL 2012-13"]
[Site "Staverton ENG"]
[Date "2013.02.23"]
[Round "5.181"]
[White "Knott, Simon J B"]
[Black "Ghasi, Ameet K"]
[Result "0-1"]
[WhiteTitle "IM"]
[BlackTitle "IM"]
[WhiteElo "2325"]
[BlackElo "2434"]
[WhiteTeam "Barbican 4NCL"]
[BlackTeam "Warwickshire Select"]
[WhiteFideId "400645"]
[BlackFideId "409200"]
[EventDate "2012.11.03"]

1. Nf3 g6 2. c4 Bg7 3. e4 d6 4. d4 Bg4 5. Be2 Nc6 6. Be3 e5 7. d5 Bxf3 8. Bxf3
Nd4 9. Bxd4 exd4 10. O-O Ne7 11. Nd2 c6 12. b4 a5 13. a3 O-O 14. Rb1 axb4 15.
axb4 Ra2 16. Nb3 Qb6 17. Qd3 Ra4 18. b5 cxb5 19. cxb5 Rc8 20. Rfd1 Rc3 21. Qf1
Rb4 22. Nd2 Ra4 23. Nb3 Ra3 24. Nc1 h5 25. Be2 Qd8 26. Nd3 Nc8 27. Ra1 Rxa1 28.
Rxa1 Nb6 29. g3 Qe8 30. Ra7 Rc7 31. Nb4 Qxe4 32. Bd3 Qf3 33. Be2 Qb3 34. Na6 Re7 0-1

[Event "4NCL 2012-13"]
[Site "Staverton ENG"]
[Date "2013.02.23"]
[Round "5.182"]
[White "Thomas, Nicholas"]
[Black "Morrison, Graham SCO"]
[Result "1/2-1/2"]
[WhiteTitle "FM"]
[BlackTitle "FM"]
[WhiteElo "2283"]
[BlackElo "2352"]
[WhiteTeam "Warwickshire Select"]
[BlackTeam "Barbican 4NCL"]
[WhiteFideId "402117"]
[BlackFideId "2400090"]
[EventDate "2012.11.03"]

1. e4 c5 2. Nc3 Nc6 3. g3 g6 4. Bg2 Bg7 5. d3 d6 6. f4 e6 7. Nf3 Nge7 8. O-O O-O
9. Be3 Nd4 10. e5 Bd7 11. Ne4 Nef5 12. Bf2 Bc6 13. c3 Nxf3+ 14. Qxf3 Rc8 15.
Rfd1 b6 16. d4 d5 17. Nd2 cxd4 18. cxd4 h5 19. Bf1 Qd7 20. Qd3 Rc7 21. Rdc1 Rfc8
22. Rc3 Bf8 23. a3 Ba4 24. Rac1 Rxc3 25. Rxc3 Rxc3 26. Qxc3 Bb5 27. Bg2 Be2 28.
Nf1 a5 29. Ne3 Nxe3 30. Bxe3 Qb5 31. Kf2 a4 32. Bd2 Bc4 33. Bf3 Be7 1/2-1/2

[Event "4NCL 2012-13"]
[Site "Staverton ENG"]
[Date "2013.02.23"]
[Round "5.184"]
[White "Pitcher, John"]
[Black "Griffiths, Ryan Rhys"]
[Result "0-1"]
[BlackTitle "FM"]
[WhiteElo "2226"]
[BlackElo "2353"]
[WhiteTeam "Warwickshire Select"]
[BlackTeam "Barbican 4NCL"]
[WhiteFideId "411485"]
[BlackFideId "2502054"]
[EventDate "2012.11.03"]

1. e4 c5 2. Nc3 d6 3. f4 g6 4. Nf3 Bg7 5. Bb5+ Bd7 6. a4 Nc6 7. Bxc6 Bxc6 8. d3
e6 9. O-O Ne7 10. Qe1 O-O 11. Qh4 d5 12. Kh1 b6 13. Bd2 dxe4 14. dxe4 Nc8 15.
Qh3 Nd6 16. Rae1 Qc8 17. e5 Nf5 18. Ne4 Bxe4 19. Rxe4 Qc6 20. Rfe1 Rfd8 21. Bc3
h5 22. b3 Rd7 23. Nd2 Rad8 24. Nc4 a6 25. a5 b5 26. Nb6 b4 27. Nxd7 bxc3 28.
Qxc3 Rxd7 29. Rc4 Bf8 30. Rce4 Qd5 31. Qf3 Nd4 32. Qd3 Nc6 33. Qxd5 Rxd5 34. Ra1
Rd2 35. c3 Rb2 36. b4 cxb4 37. cxb4 Rxb4 38. Rxb4 Bxb4 39. Rc1 Ne7 40. g3 Bxa5
41. Ra1 Bd2 42. Rxa6 g5 43. fxg5 Bxg5 44. Kg2 Ng6 45. Ra5 Bd2 46. Rc5 Be3 47.
Rc4 Bg5 48. Rc5 Kg7 49. Kf3 Be7 50. Rb5 Bd8 51. Ke4 Bc7 52. Rc5 Bxe5 53. Rxe5
Nxe5 54. Kxe5 h4 55. g4 h3 56. Ke4 Kg6 57. Kf4 f6 0-1

[Event "4NCL 2012-13"]
[Site "Staverton ENG"]
[Date "2013.02.23"]
[Round "5.185"]
[White "Dorrington, Chris J"]
[Black "Stepanyan, Henrik"]
[Result "1-0"]
[WhiteElo "2307"]
[BlackElo "2016"]
[WhiteTeam "Barbican 4NCL"]
[BlackTeam "Warwickshire Select"]
[WhiteFideId "410462"]
[BlackFideId "401030"]
[EventDate "2012.11.03"]

1. Nf3 Nf6 2. c4 e6 3. Nc3 d5 4. d4 Be7 5. Bg5 O-O 6. e3 c6 7. Bd3 dxc4 8. Bxc4
Nd5 9. Bxe7 Qxe7 10. O-O Nxc3 11. bxc3 c5 12. Ne5 Nd7 13. f4 f6 14. Nf3 Kh8 15.
e4 cxd4 16. cxd4 e5 17. f5 exd4 18. Qxd4 Qc5 19. Rfd1 Rb8 20. Rac1 b6 21. Bd5
Qxd4+ 22. Nxd4 Nc5 23. Nb3 Na6 24. Rd4 Bb7 25. Be6 Rbd8 26. Rcd1 Rxd4 27. Rxd4
Nb8 28. Kf2 Re8 29. Ke3 Nc6 30. Rc4 Nd8 31. Rc7 g6 32. Nd4 a6 33. g4 Nxe6 34.
fxe6 Bc8 35. Rc6 b5 36. Kf4 Bb7 37. Rc7 Bc8 38. Rc6 Bb7 39. Rb6 Re7 40. Nb3 Kg7
41. Nc5 Bc8 42. Rc6 Bb7 43. Rd6 Bc8 44. Nd7 h6 45. e5 fxe5+ 46. Kxe5 Bxd7 47.
Rxd7 Kf8 48. Kf6 Re8 49. e7+ 1-0

[Event "4NCL 2012-13"]
[Site "Staverton ENG"]
[Date "2013.02.23"]
[Round "5.187"]
[White "O'Toole, George E"]
[Black "Shephard, Chris C W"]
[Result "0-1"]
[WhiteElo "2204"]
[BlackElo "2167"]
[WhiteTeam "Barbican 4NCL"]
[BlackTeam "Warwickshire Select"]
[WhiteFideId "412732"]
[BlackFideId "470953"]
[EventDate "2012.11.03"]

1. e4 c6 2. c4 g6 3. Nc3 Bg7 4. d4 d6 5. Nf3 e5 6. dxe5 dxe5 7. Qxd8+ Kxd8 8.
Be3 Nd7 9. O-O-O Ke7 10. Nd2 Bh6 11. Re1 Bxe3 12. Rxe3 Ngf6 13. f3 Nc5 14. b4
Ne6 15. Nb3 Nd4 16. Rd3 Nxb3+ 17. axb3 Be6 18. b5 Nd7 19. Kc2 cxb5 20. Nxb5 Rhc8
21. Nc3 Rab8 22. Nd5+ Kf8 23. Be2 b5 24. Rd2 bxc4 25. Bxc4 Nb6 26. Kc3 a5 27.
Nxb6 Rxb6 28. Ra1 Bxc4 29. bxc4 Rb4 30. Rxa5 Rcxc4+ 31. Kd3 Rd4+ 32. Ke3 Rb3+
33. Ke2 Rxd2+ 34. Kxd2 Rb2+ 35. Ke3 Rxg2 36. Rxe5 Rxh2 37. Rg5 Ke7 38. Kf4 Kf6
39. Rg1 h5 40. Kg3 Ra2 41. Rb1 Ra6 42. Rb5 Kg7 43. Rb7 g5 44. Rb5 Kg6 45. Rb3
Rf6 46. Ra3 Rf4 47. Ra6+ Kg7 48. Ra5 h4+ 49. Kg2 Kf6 50. Ra6+ Ke5 51. Ra5+ Kf6
52. Ra6+ Kg7 53. Ra5 Kg6 54. Ra3 Kh5 55. Kh3 Rxf3+ 56. Rxf3 g4+ 57. Kg2 gxf3+
58. Kxf3 Kg5 0-1

[Event "4NCL 2012-13"]
[Site "Staverton ENG"]
[Date "2013.02.23"]
[Round "5.188"]
[White "James, Ann-Marie"]
[Black "Bhatia, Kanwal K"]
[Result "1/2-1/2"]
[WhiteTitle "WFM"]
[BlackTitle "WFM"]
[WhiteElo "2051"]
[BlackElo "2057"]
[WhiteTeam "Warwickshire Select"]
[BlackTeam "Barbican 4NCL"]
[WhiteFideId "403644"]
[BlackFideId "407496"]
[EventDate "2012.11.03"]

1. e4 e5 2. Nf3 Nc6 3. d4 exd4 4. Nxd4 Bc5 5. Nb3 Bb4+ 6. c3 Be7 7. Be2 Nf6 8.
N1d2 d5 9. exd5 Qxd5 10. O-O O-O 11. Bf3 Qd6 12. Ne4 Qxd1 13. Rxd1 Ne5 14. Nxf6+
Bxf6 15. Be2 Re8 16. h3 a6 17. Be3 b6 18. Nd2 Bb7 19. Nc4 Rad8 1/2-1/2

[Event "4NCL 2012-13"]
[Site "Staverton ENG"]
[Date "2013.02.24"]
[Round "6.151"]
[White "Edouard, Romain"]
[Black "Wells, Peter K"]
[Result "1-0"]
[WhiteTitle "GM"]
[BlackTitle "GM"]
[WhiteElo "2688"]
[BlackElo "2488"]
[WhiteTeam "Guildford"]
[BlackTeam "White Rose"]
[WhiteFideId "633429"]
[BlackFideId "400327"]
[EventDate "2012.11.03"]

1. d4 Nf6 2. c4 e6 3. Nc3 Bb4 4. e3 b6 5. Bd3 Bb7 6. Nf3 O-O 7. O-O c5 8. Na4
cxd4 9. exd4 Re8 10. a3 Bf8 11. Re1 d6 12. Bg5 Nbd7 13. Nc3 h6 14. Bh4 Be7 15.
b4 a5 16. Rb1 axb4 17. axb4 e5 18. dxe5 Bxf3 19. Qxf3 Nxe5 20. Qd1 Ra3 21. Rc1
Nfg4 22. Bxe7 Qxe7 23. Be2 Nf6 24. Nb5 Ra2 25. Nxd6 Rd8 26. c5 Rb2 27. Bc4 Ne8
28. Qd4 1-0

[Event "4NCL 2012-13"]
[Site "Staverton ENG"]
[Date "2013.02.24"]
[Round "6.152"]
[White "Palliser, Richard J D"]
[Black "Van Kampen, Robin"]
[Result "0-1"]
[WhiteTitle "IM"]
[BlackTitle "GM"]
[WhiteElo "2453"]
[BlackElo "2574"]
[WhiteTeam "White Rose"]
[BlackTeam "Guildford"]
[WhiteFideId "407372"]
[BlackFideId "1020854"]
[EventDate "2012.11.03"]

1. d4 Nf6 2. Nf3 g6 3. Bg5 Bg7 4. Nbd2 c5 5. e3 b6 6. c3 Bb7 7. Bd3 O-O 8. a4
Nc6 9. Bxf6 Bxf6 10. dxc5 bxc5 11. Ne4 Ne5 12. Nxf6+ exf6 13. Be2 Rb8 14. b3 Qc7
15. O-O Ng4 16. h3 Bxf3 17. hxg4 Bxe2 18. Qxe2 Rxb3 19. Qc4 Rfb8 20. Rad1 Qc6
21. Qf4 R8b6 22. a5 Ra6 23. e4 c4 24. e5 Qc7 25. Rfe1 Re6 26. Qd4 fxe5 27. Qxd7
Qxd7 28. Rxd7 a6 29. Re3 Kg7 30. g5 e4 31. f3 Rb5 32. fxe4 Rxg5 33. Rf3 Rf6 34.
Rxf6 Kxf6 35. Rd6+ Ke5 36. Rxa6 Kxe4 37. Rd6 Rxa5 38. Rd4+ Kf5 39. Rxc4 Ra2 40.
Kh2 h5 41. Rc5+ Kg4 42. Rc4+ Kg5 43. Rc5+ f5 44. Rc6 h4 45. Kh3 Rd2 46. c4 Kh5
47. c5 g5 48. Rd6 Rc2 49. Rd5 g4+ 50. Kh2 Kg5 0-1

[Event "4NCL 2012-13"]
[Site "Staverton ENG"]
[Date "2013.02.24"]
[Round "6.153"]
[White "Hebden, Mark L"]
[Black "Adair, James R"]
[Result "1/2-1/2"]
[WhiteTitle "GM"]
[BlackTitle "FM"]
[WhiteElo "2540"]
[BlackElo "2297"]
[WhiteTeam "Guildford"]
[BlackTeam "White Rose"]
[WhiteFideId "400084"]
[BlackFideId "406252"]
[EventDate "2012.11.03"]

1. d4 Nf6 2. Nf3 e6 3. c3 c5 4. Bg5 h6 5. Bxf6 Qxf6 6. e4 cxd4 7. cxd4 Bb4+ 8.
Nc3 O-O 9. Rc1 d6 10. e5 dxe5 11. dxe5 Qe7 12. Bd3 Bd7 13. O-O Bc6 14. Ne4 Nd7
15. a3 Ba5 16. Qe2 Rfd8 17. Bb5 Bd5 18. Rfd1 Rac8 19. Rxc8 Rxc8 20. Nd6 Rc7 21.
Bxd7 Rxd7 22. Nd4 Qg5 23. g3 a6 24. h4 Qd8 25. N4f5 Bc7 26. Rxd5 exd5 27. Nxb7
Qe8 28. Nc5 Rd8 29. Nd3 Kh7 30. h5 Qd7 31. Qf3 d4 32. Kg2 Qe6 33. Qe4 Kh8 34. f4
f6 35. Nh4 fxe5 36. Ng6+ Kg8 37. fxe5 Qb3 38. e6 Re8 39. e7 Qc2+ 40. Kh3 Qc4 41.
Kg4 Bd6 42. Ndf4 Qf7 43. Nd5 a5 44. b4 axb4 45. axb4 d3 46. Qxd3 Qe6+ 47. Kf3
Kf7 48. Kg2 Qg4 49. Ndf4 Bxf4 50. Qc4+ Qe6 51. Qxf4+ Qf6 52. Qc4+ Qe6 53. Qf4+
Qf6 54. Qe4 Rc8 55. b5 Qb2+ 56. Kh3 Qxb5 57. Qf3+ Ke6 58. g4 Kd7 59. Nh4 Qe5 60.
Qd3+ Ke8 61. Ng6 1/2-1/2

[Event "4NCL 2012-13"]
[Site "Staverton ENG"]
[Date "2013.02.24"]
[Round "6.156"]
[White "Townsend, M Paul"]
[Black "Flear, Glenn C"]
[Result "1/2-1/2"]
[BlackTitle "GM"]
[WhiteElo "2234"]
[BlackElo "2479"]
[WhiteTeam "White Rose"]
[BlackTeam "Guildford"]
[WhiteFideId "402320"]
[BlackFideId "400165"]
[EventDate "2012.11.03"]

1. d4 d5 2. c4 e6 3. Nf3 Nf6 4. g3 c6 5. Bg2 Nbd7 6. Qc2 Bd6 7. O-O O-O 8. Nbd2
Re8 9. e4 Nxe4 10. Nxe4 dxe4 11. Qxe4 e5 12. Bg5 f6 13. Bd2 exd4 14. Qxd4 Bc5
15. Qc3 Ne5 16. Nxe5 Rxe5 17. Bf4 Re8 18. Rad1 Qb6 19. Bd6 Bg4 20. Bxc5 Qxc5 21.
Rd4 Bf5 22. b4 Qe5 23. Qd2 a6 24. a4 Qe7 25. Rd1 Rac8 26. a5 h6 27. c5 Qf7 28.
h4 Qb3 29. h5 Qf7 30. Bf3 Kh8 31. Qf4 Be6 32. Bg4 f5 33. Bf3 Re7 34. Rd8+ Rxd8
35. Rxd8+ Re8 36. Rxe8+ Qxe8 37. Qc7 Qd7 38. Qxd7 Bxd7 39. Kf1 Kg8 40. Ke2 Kf7
41. Ke3 Kf6 42. Bd1 Ke5 1/2-1/2

[Event "4NCL 2012-13"]
[Site "Staverton ENG"]
[Date "2013.02.24"]
[Round "6.157"]
[White "Cherniaev, Alexander"]
[Black "Weller, Jean-Luc"]
[Result "1-0"]
[WhiteTitle "GM"]
[WhiteElo "2460"]
[BlackElo "2176"]
[WhiteTeam "Guildford"]
[BlackTeam "White Rose"]
[WhiteFideId "4117301"]
[BlackFideId "421936"]
[EventDate "2012.11.03"]

1. e4 e6 2. Nf3 d5 3. Nc3 Nf6 4. e5 Nfd7 5. d4 c5 6. dxc5 Nc6 7. Bf4 Bxc5 8. Bd3
f6 9. exf6 Nxf6 10. Qe2 O-O 11. O-O-O Qa5 12. Kb1 a6 13. Ne5 Bb4 14. Bd2 Nd4 15.
Qe1 Nb5 16. Nxb5 Bxd2 17. Qxd2 axb5 18. Qxa5 Rxa5 19. b4 Ra6 20. Kb2 Rb6 21.
Rhe1 Ne8 22. Re2 Nd6 23. g3 Nc4+ 24. Bxc4 bxc4 25. a3 Ra6 26. h4 b5 27. f3 Bb7
28. Re3 Rd8 29. Rd4 Bc8 30. h5 Bd7 31. h6 g6 32. g4 Be8 33. g5 Bf7 34. Rf4 Be8
35. Ng4 Bf7 36. Nf6+ Kf8 37. Nxh7+ Ke7 38. Rd4 c3+ 39. Rxc3 e5 40. Rd1 Ra7 41.
Re3 Kd6 42. Nf6 Bg8 43. h7 1-0

[Event "4NCL 2012-13"]
[Site "Staverton ENG"]
[Date "2013.02.24"]
[Round "6.158"]
[White "Varholakova, Niki"]
[Black "Sarakauskas, Gediminas"]
[Result "0-1"]
[WhiteTitle "WFM"]
[BlackTitle "IM"]
[WhiteElo "2200"]
[BlackElo "2408"]
[WhiteTeam "White Rose"]
[BlackTeam "Guildford"]
[WhiteFideId "14906341"]
[BlackFideId "12800724"]
[EventDate "2012.11.03"]

1. e4 e6 2. d4 d5 3. exd5 exd5 4. Nf3 Bd6 5. Bg5 f6 6. Be3 Ne7 7. Bd3 Bg4 8. h3
Bh5 9. O-O Nbc6 10. Re1 Qd7 11. c3 O-O-O 12. b4 g5 13. Nbd2 Bg6 14. Nb3 Bxd3 15.
Qxd3 g4 16. Nh4 gxh3 17. g3 Qg4 18. Qe2 h5 19. b5 Nb8 20. a4 Nd7 21. a5 Rdg8 22.
Kh1 Qe4+ 23. f3 Qh7 24. Bf4 Bxf4 25. gxf4 Nf5 26. Nxf5 Qxf5 27. b6 a6 28. Nc5
Nxc5 29. dxc5 Qxf4 30. c6 bxc6 31. bxc7 Re8 32. Qxa6+ Kxc7 33. Qb6+ Kd6 34. Qf2
Rxe1+ 35. Rxe1 Rg8 36. Qh2 Qxh2+ 37. Kxh2 Rg2+ 38. Kxh3 Ra2 39. Kh4 Rxa5 40.
Kxh5 Ra3 41. f4 Rxc3 42. Kg6 d4 43. Kxf6 c5 44. Re8 Re3 45. Rd8+ Kc7 46. Rd5 Kc6
47. Rd8 d3 48. f5 c4 49. Kg5 Kc5 50. Kf4 Re1 51. f6 Kb4 0-1

[Event "4NCL 2012-13"]
[Site "Staverton ENG"]
[Date "2013.02.24"]
[Round "6.161"]
[White "Thorfinnsson, Bragi"]
[Black "Dorrington, Chris J"]
[Result "1-0"]
[WhiteTitle "IM"]
[WhiteElo "2484"]
[BlackElo "2307"]
[WhiteTeam "Jutes of Kent"]
[BlackTeam "Barbican 4NCL"]
[WhiteFideId "2300958"]
[BlackFideId "410462"]
[EventDate "2012.11.03"]

1. d4 Nf6 2. c4 e6 3. Nc3 Bb4 4. f3 d5 5. a3 Bxc3+ 6. bxc3 c5 7. cxd5 Nxd5 8.
dxc5 Qa5 9. e4 Ne7 10. Be3 O-O 11. Qb3 Nec6 12. Bb5 Qc7 13. Ne2 e5 14. O-O Na5
15. Qb4 Nbc6 16. Qa4 Be6 17. Nc1 Nb8 18. Rb1 a6 19. Be2 Nd7 20. Qb4 Rfc8 21. c6
bxc6 22. Qa4 c5 23. f4 f6 24. f5 Bf7 25. Rd1 Rd8 26. Rb2 Nc6 27. Rbd2 Nb6 28.
Rxd8+ Nxd8 29. Qc2 Nb7 30. Nd3 Nc4 31. Bc1 Qc6 32. Nf2 Nbd6 33. g4 h6 34. h4 Rb8
35. g5 hxg5 36. hxg5 fxg5 37. Qd3 Ne8 38. Qg3 Rb1 39. Bxc4 Bxc4 40. Qxe5 Nf6 41.
Kg2 g4 42. Rd8+ Kf7 43. Bg5 Be2 44. Rh8 Bf3+ 45. Kg3 Rb7 46. Bxf6 gxf6 47. Qf4
Rb6 48. Nxg4 Bxg4 49. Qxg4 Qd6+ 50. Kh3 Qd3+ 51. Kh4 1-0